000 01047nam a2200301 a 4500
001 000012501
003 DO-SdBNP
005 20150212161329.0
007 000012501
008 091113s1986 dr 000 0 spa d
040 _aBPMET
_bspa
_cBPMET
092 _a972.9304
_bE77i
100 1 _aEspaillat, Ulises Francisco,
_d1823-1878
245 1 0 _aIdeas de bien patrio /
_cUlises Francisco Espaillat ; dirección Candido Gerón ; selección Emilio Rodríguez Demorizi.
260 _aSanto Domingo :
_bBiblioteca Nacional
_c1986.
300 _a92 p. ;
_c23 cm.
490 1 _aOrfeo
504 _aIncluye referencias bibliográficas y notas al pie de las páginas
700 1 _aGerón, Candido,
_edir.
700 1 _aRodríguez Demorizi, Emilio
830 0 _aOrfeo
930 1 _lBND01
_mLF1
_820091113
_f01
_pHD
_g7419
930 1 _lBND01
_mLF1
_820100218
_f01
_pCT
_g7419
_he. 2
942 _2ddc
_cBK
956 _aVGENAO
_b10
_c20091113
_lBND01
_h1027
956 _aKLANTIGUA
_b10
_c20091113
_lBND01
_h1347
956 _aBTAVAREZ
_b10
_c20100218
_lBND01
_h1012
999 _c7384
_d7384